[Event "BL 2016-17"]
[Site "Berlin"]
[Date "2017.05.01"]
[Round "15"]
[White "Parligras, Mircea-Emilian"]
[Black "Fedorovsky, Michael"]
[Result "1-0"]
[WhiteElo "2605"]
[BlackElo "2490"]
[Annotator "TA"]
[PlyCount "49"]
[EventDate "2017.??.??"]
[EventType "team-tourn"]
[EventCountry "GER"]
[SourceTitle "playchess.com"]
[Source "ChessBase"]
[SourceQuality "1"]
[WhiteTeam "SG Trier"]
[BlackTeam "Bayern München"]

{[%evp 11,49,18,47,22,56,39,39,41,50,16,32,33,199,193,356,356,343,318,318,289,534,444,452,428,574,527,552,543,657,656,640,621,858,830,1757,1712,29990,29991,29992,29993]} 1. d4 Nf6 2. c4 e6 3. Nf3 b6 4. g3 Bb7 5. Bg2 Bb4+ 6. Bd2 c5 7. d5 {E16: Queen's Indian: 4 g3 Bb7 5 Bg2 Bb4+} (7. Bxb4 cxb4 8. O-O O-O 9. Qb3 a5 10. a3 Na6 11. Nbd2 d6 12. Rfd1 Qd7 13. Qd3 Rfe8 14. Ne1 Bxg2 15. Kxg2 Qc7 16. Nc2 bxa3 17. bxa3 Nb8 18. Rab1 Nbd7 19. e4 e5 {1-0 (55) Vidit,S (2689)-Akopian,V (2675) Doha 2016}) 7... Bxd2+ 8. Qxd2 exd5 9. Nh4 {White is slightly better.} Ne4 10. Qc2 O-O 11. cxd5 f5 $146 {[#]} (11... Nd6 $14) (11... Nd6 12. Nc3 b5 13. e4 Qe7 14. O-O b4 15. Nd1 Nb5 16. Nf5 Qf6 17. Qxc5 Ba6 18. Ne7+ Kh8 19. e5 Qb6 20. Ng6+ {1-0 (20) Krivoshey,S (2503)-Henriksson,J (2161) Dos Hermanas 2003}) 12. Nxf5 $1 $18 {[%mdl 512]} Nxf2 $2 {[#]} (12... Nf6 13. e4 Na6) (12... Rxf5 13. Bxe4) 13. O-O $1 ({Worse is} 13. Kxf2 g6 $11) 13... Ng4 14. Nc3 {[%cal Bb1c3,Bc3b5,Bb5d6][%mdl 32]} Na6 15. Rf4 ({Less strong is} 15. Nd6 Rxf1+ 16. Rxf1 Ne3 17. Nxb7 Nxc2 $14) 15... Ne5 $2 (15... Nb4 16. Qd2 Nf6) 16. Raf1 Ng6 17. R4f2 d6 18. Nb5 Nb4 19. Qd2 Bc8 {Threatens to win with ...Rxf5.} 20. Nbxd6 Bxf5 21. Nxf5 Qd7 22. a3 Na6 23. d6 {White threatens Ne7+ and mate.} Rad8 24. Ne7+ Nxe7 25. Bd5+ 1-0

[Event "BL 2016-17"]
[Site "Berlin"]
[Date "2017.05.01"]
[Round "15"]
[White "Smeets, Jan"]
[Black "Kovacs, Gabor"]
[Result "1-0"]
[WhiteElo "2603"]
[BlackElo "2464"]
[Annotator "TA"]
[PlyCount "91"]
[EventDate "2017.??.??"]
[EventType "team-tourn"]
[EventCountry "GER"]
[SourceTitle "playchess.com"]
[Source "ChessBase"]
[SourceQuality "1"]
[WhiteTeam "Solingen"]
[BlackTeam "Speyer-Schwegenheim"]

{[%evp 17,91,34,36,23,63,54,72,64,82,93,90,95,86,90,80,83,92,90,97,89,110,102,115,95,160,150,158,151,168,194,208,175,197,198,202,193,188,153,186,151,148,125,168,170,182,171,245,154,164,156,144,138,204,193,198,195,206,181,216,0,183,0,213,212,210,158,272,272,291,277,465,484,507,510,515,508]} 1. e4 e5 2. Nf3 Nf6 3. Nxe5 d6 4. Nf3 Nxe4 5. Nc3 Nf6 6. d4 Be7 7. Bd3 O-O 8. O-O {C42: Petroff Defence: 3 Nxe5 and unusual White 3rd moves} Bg4 9. h3 Bh5 {LiveBook: 11 Games} 10. d5 {White is slightly better.} Nbd7 11. g4 Bg6 12. g5 Bxd3 13. gxf6 Bxf1 14. fxe7 Qxe7 15. Qxf1 {[#]} Ne5 $146 16. Nxe5 Qxe5 17. Be3 Qf5 18. Rc1 {[%cal Ba1c1,Bc1g1,Bg1g4][%mdl 32]} Rfe8 19. Qg2 Kf8 20. Kh1 Qg6 (20... g6 $142) 21. Qf3 $1 $16 Re5 22. Rg1 $1 {[%cal Rg1g6]} Qh5 {[#]} 23. Rg4 $1 Rae8 24. Kg2 R8e7 25. Ne2 ({Don't take} 25. Bxa7 $6 b6 $16) 25... Qf5 26. Qxf5 Rxf5 27. c4 h5 28. Rd4 Rfe5 29. Ng3 a6 30. Bd2 Re8 31. Bc3 g6 (31... Rg5 $142 32. Kf3 f6) 32. a4 {[%cal Ba2a4,Ba4a5][%mdl 32]} R5e7 33. h4 Re5 34. Kf3 f5 (34... f6 $16 35. Rf4 f5) 35. Rd1 $18 R5e7 {[#]} 36. a5 $1 Kf7 37. Bd2 Re5 38. Bc3 R5e7 39. Bd2 Re5 $1 40. Be3 R5e7 41. Kf4 Re5 (41... b6 $16 {keeps fighting.} 42. axb6 cxb6) 42. Rd3 R8e7 43. Bd2 g5+ $2 (43... Re8 44. Rb3 g5+ 45. hxg5 h4) 44. Kxg5 {White is clearly winning.} f4+ 45. Kxf4 Kg6 {Hoping for ...Rf7+.} 46. Kf3 {Precision: White = 84%, Black = 30%.} 1-0

[Event "BL 2016-17"]
[Site "Berlin"]
[Date "2017.05.01"]
[Round "15"]
[White "Kempinski, Robert"]
[Black "Piorun, Kacper"]
[Result "1/2-1/2"]
[WhiteElo "2594"]
[BlackElo "2651"]
[Annotator "TA"]
[PlyCount "41"]
[EventDate "2017.??.??"]
[EventType "team-tourn"]
[EventCountry "GER"]
[SourceTitle "playchess.com"]
[Source "ChessBase"]
[SourceQuality "1"]
[WhiteTeam "Hamburger SK"]
[BlackTeam "SF Berlin"]

{[%evp 32,41,0,-16,-1,0,0,-6,-5,-6,0,0]} 1. d4 Nf6 2. c4 g6 3. g3 c6 4. Bg2 d5 5. cxd5 cxd5 6. Nf3 Bg7 7. Ne5 O-O 8. O-O Ng4 9. Nf3 Nf6 10. Nc3 Ne4 11. Ne5 Bf5 12. Qb3 Nc6 {D79: Fianchetto Grünfeld: Symmetrical Variation (6 0-0 c6 7 cxd5 cxd5)} 13. Qxd5 (13. Be3 Nxc3 14. bxc3 e6 15. Nxc6 bxc6 16. Qa4 Qb6 17. h3 h5 18. Rfe1 Rfc8 19. Rac1 a5 20. Bf4 {0-1 (55) Dubov,D (2661)-Bu,X (2695) Ningbo 2015}) 13... Nxc3 14. bxc3 Qxd5 15. Bxd5 Nxe5 16. dxe5 Bxe5 17. Ba3 {LiveBook: 4 Games. The position is equal.} Bxc3 18. Rac1 Bf6 19. Rc7 (19. Bxb7 $5 Rab8 20. Bf3 $11) 19... Rad8 20. Bxb7 $146 ({Predecessor:} 20. e4 Rd7 21. Rfc1 Rfd8 22. exf5 Rxd5 23. fxg6 hxg6 24. Rxb7 R5d7 25. Rxd7 Rxd7 {½-½ (23) Stempin,P (2420)-Schmidt,W (2450) Porabka 1986}) 20... Rd7 21. Rxd7 1/2-1/2

[Event "BL 2016-17"]
[Site "Berlin"]
[Date "2017.05.01"]
[Round "15"]
[White "Cornette, Matthieu"]
[Black "Walter, Stefan"]
[Result "1-0"]
[WhiteElo "2590"]
[BlackElo "2416"]
[Annotator "TA"]
[PlyCount "95"]
[EventDate "2017.??.??"]
[EventType "team-tourn"]
[EventCountry "GER"]
[SourceTitle "playchess.com"]
[Source "ChessBase"]
[SourceQuality "1"]
[WhiteTeam "Schwäbisch Hall"]
[BlackTeam "Griesheim"]

{[%evp 28,95,0,0,0,0,8,12,20,17,18,22,23,22,31,24,21,21,66,57,45,50,47,49,46,33,36,31,47,22,101,112,116,119,122,117,127,127,133,122,129,115,284,284,281,281,252,162,182,183,179,187,180,152,466,466,446,440,406,418,452,312,560,265,375,244,340,340,667,661]} 1. e4 e5 2. Nf3 Nc6 3. Bb5 {[%cal Bf1b5,Bb5a4,Ba4b3][%mdl 32]} a6 4. Ba4 Nf6 5. O-O Be7 6. d3 b5 7. Bb3 d6 8. a3 O-O 9. Nc3 Bg4 10. Be3 Nd4 {C84: Closed Ruy Lopez: Unusual White 6th moves} (10... Qd7 11. h3 Be6 12. Nd5 Na5 13. Ba2 Nxd5 14. exd5 Bf5 15. Rc1 c6 16. b4 Nb7 17. d4 Bf6 18. dxc6 Qxc6 {1-0 (60) Sethuraman,S (2629)-Akopian,V (2675) Sharjah 2017}) 11. Bxd4 exd4 12. Nd5 Nd7 13. h3 Bxf3 14. Qxf3 c6 15. Nxe7+ {LiveBook: 11 Games} Qxe7 16. Qg3 Rab8 17. f4 a5 18. Qf2 a4 $146 19. Ba2 c5 20. Rae1 Kh8 21. c3 dxc3 22. bxc3 b4 23. cxb4 cxb4 24. axb4 Rxb4 25. Qa7 Qd8 $1 26. Rb1 Rxb1 $1 27. Rxb1 Nc5 28. Bc4 g5 (28... h6 $11) 29. Rf1 $16 ({Don't play} 29. Bxf7 $6 gxf4 30. Rb7 Qh4 $11) 29... gxf4 30. Rxf4 Qd7 31. Qa5 {[#] And now Qc3+ would win.} Qe7 32. Rf5 f6 33. Qc3 Kg7 34. Bd5 Qa7 $2 (34... Kh8 $16 35. g4 Qa7) 35. d4 $18 Nb3 36. Qg3+ Kh8 37. Qxd6 $40 {[%cal Rd6f8][%mdl 128] White wants a kill.} Qxd4+ 38. Kh2 {[%cal Rd6f8]} Qc5 39. Rxf6 Qxd6+ 40. Rxd6 {[%mdl 4096] Endgame KRB-KRN} Rf1 $2 (40... Re8 $16) 41. Rd8+ Kg7 42. Rg8+ Kh6 43. g4 Nd4 44. Kg2 Rf4 $2 (44... Rc1 45. Kf2 Rc7) 45. Ra8 (45. e5 $142 {Hoping for e6.} a3 46. e6) 45... Kg5 (45... Ne2 {was necessary.} 46. Rxa4 Nc3) 46. Rxa4 Ne2 47. Ra5 Kf6 $2 {[#]} (47... Nc3 48. Bb3+ Kh6) 48. e5+ $1 {Precision: White = 93%, Black = 39%.} 1-0

[Event "BL 2016-17"]
[Site "Berlin"]
[Date "2017.05.01"]
[Round "15"]
[White "Van Foreest, Jorden"]
[Black "Kindermann, Stefan"]
[Result "1/2-1/2"]
[WhiteElo "2584"]
[BlackElo "2509"]
[Annotator "TA"]
[PlyCount "146"]
[EventDate "2017.??.??"]
[EventType "team-tourn"]
[EventCountry "GER"]
[SourceTitle "playchess.com"]
[Source "ChessBase"]
[SourceQuality "1"]
[WhiteTeam "Aufwärts Aachen"]
[BlackTeam "Zugzwang München"]

{[%evp 18,146,15,0,-1,-28,-8,-9,0,-12,10,-14,0,-38,-23,-23,-13,-11,18,21,20,8,19,0,62,56,62,7,16,0,0,0,11,0,0,0,0,0,0,0,0,0,18,0,18,0,0,0,0,0,18,-18,-18,-18,-18,-18,0,-25,0,-24,0,0,14,-19,0,0,0,-19,0,-41,-20,-38,0,0,14,0,0,-35,18,0,0,-8,0,0,0,0,25,0,0,-23,43,43,43,43,43,43,43,28,43,0,69,61,181,181,181,0,181,181,181,181,181,181,181,181,181,181,181,181,181,181,181,181,181,152,152,0,215,141,277,-75,-45]} 1. e4 e6 2. d4 d5 3. Nc3 Bb4 4. e5 c5 5. a3 Bxc3+ 6. bxc3 Qa5 7. Bd2 Qa4 8. Qg4 Kf8 9. Nf3 Ne7 10. Be2 {LiveBook: 12 Games. C18: French: 3 Nc3 Bb4: Main line: 7 h4 and 7 Qg4} (10. h3 Nd7 11. Bd3 c4 12. Be2 Qxc2 13. O-O h6 14. Rfe1 Qe4 15. Qxe4 dxe4 16. Nh2 Nb6 17. a4 Bd7 {1-0 (60) Motylev,A (2660)-Kovalenko,I (2667) Poikovsky 2016}) 10... b6 11. c4 Ba6 12. dxc5 {The position is equal.} Bxc4 13. O-O Nbc6 (13... Qxc2 $6 14. Rfc1 Qf5 15. Qxf5 Nxf5 16. Bxc4 dxc4 17. Rxc4 $16) (13... h5 $5 {[%cal Rh5g4]} 14. Qh4 Nbc6 15. Bxc4 Qxc4 $11) 14. Bd3 b5 (14... bxc5 $5 15. Rfb1 d4 $11) 15. Qh5 $146 ({Predecessor:} 15. Rfb1 h6 16. h4 g6 17. Qf4 Ke8 {1-0 (25) Devereaux,M (2334)-Ostenstad,B (2464) Norway 2014}) 15... Bxd3 16. cxd3 Qc2 (16... h6 {with more complications.} 17. Be3 Nf5 18. Rfd1 a5 19. d4 Qb3) 17. d4 Qg6 18. Qxg6 hxg6 19. Rfb1 Rb8 $1 20. Rb3 Nc8 (20... Nf5 $11) 21. Rab1 $14 a6 22. h4 ({White should play} 22. Rd3 $14) 22... Ke7 $11 23. g3 N8a7 24. Kf1 Rb7 25. Ke2 Rhb8 26. Kd3 a5 27. R3b2 b4 28. a4 Rf8 29. Bf4 Nc8 30. Rh1 Ke8 31. Re1 N8e7 32. Nd2 Kd7 33. Nb3 Nf5 34. Rbe2 Rh8 35. Bd2 Rbb8 36. Rg1 Rbf8 37. f4 Rh7 38. Be1 (38. g4 $5 {[%cal Rg4f5]} Nxh4 39. Rh1 $11) 38... Rfh8 39. Rh2 Ke8 40. Bf2 Kd7 41. Nd2 (41. g4 $5 {[%cal Rg4f5]} Nfe7 42. Rhh1 $11) 41... Rb8 42. Rb1 (42. g4 $5 {[%cal Rg4f5]} Nfe7 43. Rb1 $11) 42... Rhh8 43. Rb3 Rbf8 44. Nf3 Nfe7 45. Rb1 Ke8 46. Rbh1 Kd7 47. Kc2 Ke8 (47... b3+ $15 48. Kd3 (48. Kxb3 Rb8+ 49. Kc2 Rb4 $15) 48... Rb8) 48. Nd2 Kd7 49. Kd3 Ke8 50. Nb3 Kd7 51. g4 {[%cal Bg3g4,Bg4g5][%mdl 32]} f5 52. exf6 gxf6 53. Bg3 {[#]} f5 (53... e5 $1 $11 {[%mdl 512]}) 54. g5 $14 Rh5 55. Bf2 Re8 56. Kc2 Reh8 57. Nd2 Nd8 58. Nf1 Nec6 (58... e5 $11) 59. Ng3 $1 {[%cal Rg3h5]} R8h7 ({Black should try} 59... R5h7 $14) 60. Kd3 Rh8 61. Ke3 $2 (61. Nxh5 $18 Rxh5 62. Re1) 61... R8h7 $2 (61... R5h7 $11) 62. Kf3 Rh8 63. Nxh5 Rxh5 64. Kg3 Kc7 65. Rb1 Kd7 66. Bg1 Nb7 67. Rhb2 Kc7 68. Bf2 Kd7 69. Be1 Kc7 70. Kh3 Nbd8 71. Bd2 $2 (71. Rd1 $16) 71... Nb7 $2 (71... e5 $1 $11 {and Black has nothing to worry.}) 72. Kg3 Nxd4 {[#]} (72... e5 $16) 73. Kh3 $2 ({Worse is} 73. Be3 e5 $11) ({White must play} 73. Bxb4 $1 $18 {[%mdl 512]} axb4 74. Rxb4 Ne2+ 75. Kf3) 73... Nc6 {Precision: White = 42%, Black = 46%.} ({Not} 73... Nxc5 $2 74. Be3 Ndb3 75. Rxb3 Nxb3 76. Rxb3 $18) 1/2-1/2

[Event "BL 2016-17"]
[Site "Berlin"]
[Date "2017.05.01"]
[Round "15"]
[White "Svane, Rasmus"]
[Black "Sprenger, Jan Michael"]
[Result "1-0"]
[WhiteElo "2573"]
[BlackElo "2520"]
[Annotator "TA"]
[PlyCount "77"]
[EventDate "2017.??.??"]
[EventType "team-tourn"]
[EventCountry "GER"]
[SourceTitle "playchess.com"]
[Source "ChessBase"]
[SourceQuality "1"]
[WhiteTeam "Hamburger SK"]
[BlackTeam "SF Berlin"]

{[%evp 22,77,39,38,43,45,59,64,56,59,64,55,67,51,56,66,37,55,55,54,60,52,91,27,172,177,300,271,320,319,414,418,438,422,746,735,734,689,711,716,671,541,785,779,775,755,1148,1099,10447,6395,5306,2609,29994,29995,29995,29995,29996,29997]} 1. d4 d5 2. c4 dxc4 3. e4 e5 4. Nf3 exd4 5. Bxc4 Nc6 6. O-O Be6 7. Bxe6 fxe6 8. Qb3 Qd7 9. Qxb7 Rb8 10. Qa6 Nf6 11. Nbd2 Bd6 {D20: Queen's Gambit Accepted: 3 e3 and 3 e4} 12. b3 {LiveBook: 35 Games} O-O 13. Ba3 Bxa3 {White is slightly better.} 14. Qxa3 Qd6 15. Qa6 Rb6 16. Qc4 Rb4 17. Qd3 Ng4 18. Rac1 Nce5 19. Nxe5 Nxe5 {[#]} 20. Qg3 $146 Rf7 21. a3 Rb5 22. b4 ({Better is} 22. f4 $16 Ng6 23. Qd3) 22... c5 (22... d3 $11) 23. f4 $36 {[%mdl 2048] Black is under strong pressure.} Nd7 (23... Nc6 $142) 24. Nc4 Qc6 {[#]} 25. e5 $1 Rb8 26. Nd6 Rff8 27. Qb3 h6 (27... c4 $142) 28. Qxe6+ Kh7 29. f5 Nf6 30. Rxc5 Qb6 31. Qc4 Rbd8 32. Rc6 Qb8 33. Qxd4 Ne8 34. f6 gxf6 35. Qe4+ Kh8 36. Qg6 Nxd6 37. Qxh6+ {White mates.} Kg8 38. Qg6+ Kh8 39. Rf3 {Precision: White = 97%, Black = 27%.} 1-0

[Event "BL 2016-17"]
[Site "Berlin"]
[Date "2017.05.01"]
[Round "15"]
[White "Andersen, Mads"]
[Black "Mager, Denis"]
[Result "1-0"]
[WhiteElo "2565"]
[BlackElo "2307"]
[Annotator "TA"]
[PlyCount "53"]
[EventDate "2017.??.??"]
[EventType "team-tourn"]
[EventCountry "GER"]
[SourceTitle "playchess.com"]
[Source "ChessBase"]
[SourceQuality "1"]
[WhiteTeam "Solingen"]
[BlackTeam "Speyer-Schwegenheim"]

{[%evp 14,53,42,41,58,56,58,59,58,41,26,28,67,54,60,59,65,67,110,110,105,72,121,118,127,114,113,113,172,172,168,186,239,175,236,170,217,0,229,0,214,199]} 1. c4 c6 {[%cal Bc7c6,Bc6d5][%mdl 32]} 2. e4 d5 3. exd5 cxd5 4. d4 Nf6 5. Nc3 Nc6 6. Nf3 e6 7. c5 Ne4 8. Qc2 f5 {B14: Caro-Kann: Panov-Botvinnik Attack with 5...e6 and 5...g6} 9. Bb5 Bd7 10. O-O Be7 {White is slightly better.} 11. Bf4 (11. Bxc6 Bxc6 12. Ne5 O-O 13. f3 Nxc3 14. Qxc3 Rc8 15. Bd2 Be8 16. Rfe1 {1-0 (36) Sargissian,G (2667)-Wheeler,C (2398) chess.com INT 2017}) 11... O-O 12. Bxc6 bxc6 13. Be5 Bf6 $146 ({Predecessor:} 13... g5 14. Nd2 Bf6 15. Bxf6 Qxf6 16. Nf3 {1-0 (38) Butuc,M (2092)-Chirpii,V (1886) Kishinev 2005}) 14. Ne2 Qe8 15. Nf4 Ng5 16. Nxg5 Bxg5 17. Nd3 Bf6 18. Rfe1 Qf7 19. Qc3 Rfc8 20. a4 a6 (20... Bg5 $16 21. Bd6 Qh5) 21. Ra3 $18 Ra7 22. Rb3 Qe8 (22... Bd8 $142 23. Bb8 Ra8) 23. Nf4 Qf7 (23... Bxe5 {was called for.} 24. Rxe5 a5) 24. Qg3 Kh8 25. Qc3 Kg8 $1 26. Qg3 Kh8 $1 27. h4 {Precision: White = 58%, Black = 66%.} 1-0

[Event "BL 2016-17"]
[Site "Berlin"]
[Date "2017.05.01"]
[Round "15"]
[White "Horvath, Jozsef"]
[Black "Rapport, Richard"]
[Result "1/2-1/2"]
[WhiteElo "2533"]
[BlackElo "2696"]
[Annotator "TA"]
[PlyCount "98"]
[EventDate "2017.??.??"]
[EventType "team-tourn"]
[EventCountry "GER"]
[SourceTitle "playchess.com"]
[Source "ChessBase"]
[SourceQuality "1"]
[WhiteTeam "Speyer-Schwegenheim"]
[BlackTeam "Solingen"]

{[%evp 8,98,33,25,53,50,72,58,61,64,67,63,73,56,79,39,49,34,100,73,77,62,75,79,93,100,104,104,104,124,121,124,113,116,123,139,420,413,412,314,281,211,240,123,358,357,358,357,357,357,371,360,339,114,107,100,100,90,104,111,95,79,163,165,172,169,172,151,155,129,218,154,190,159,145,118,156,145,145,145,145,145,145,145,145,133,133,133,145,122,145,145,145]} 1. e4 g6 2. d4 Bg7 3. Nc3 d6 4. Be3 a6 5. h4 h6 {B06: Modern Defence} (5... Nf6 6. f3 h5 7. Qd2 b5 8. O-O-O c6 9. Kb1 Qc7 10. Bf4 b4 11. Na4 a5 12. Bc4 Ba6 13. Bb3 Nbd7 14. Nh3 {1-0 (38) Leko,P (2693)-Saric,I (2652) Tallinn 2016}) 6. Qd2 b5 7. f3 Nd7 {[%cal Bb8d7,Bd7b6,Bb6c4][%mdl 32] White is slightly better.} 8. O-O-O e6 9. Kb1 Nb6 10. Bd3 $146 (10. a3 Ne7 11. g4 d5 {½-½ (11) Kotter,R (2265)-Haub,T (2365) Germany 1995}) 10... Nf6 11. e5 Nfd5 12. Nxd5 exd5 (12... Nxd5 $14 13. f4 Bb7) 13. f4 Bg4 14. Re1 Nc4 15. Qf2 Qd7 16. h5 dxe5 17. dxe5 (17. fxe5 $6 Bxh5 18. Bc1 Bg4 $14) (17. hxg6 $6 e4 18. gxf7+ Qxf7 $11) 17... Bxh5 18. f5 {Strongly threatening Bd4.} Bg4 {[%cal Rg6f5]} 19. e6 fxe6 20. fxe6 Bxe6 21. Bxg6+ Ke7 $2 {[%mdl 8192]} (21... Kd8 $16 {keeps fighting.}) 22. Bc5+ $18 (22. Bd4 Bxd4 23. Qxd4 c5 24. Qxc5+ Qd6 $18) 22... Kd8 23. Nf3 (23. b3 Rg8 $16) 23... Rg8 24. g4 (24. Qe2 Bg4 $14) 24... Bxg4 (24... Bxb2 25. Qh4+ (25. Rxh6 Qg7 26. Qh4+ Kc8 27. Rxe6 Ba3 $18) 25... Kc8 26. Rxe6 $1 $18 {[%mdl 512]}) 25. Nd4 (25. Bh7 $1 $18 {[%cal Rh7g8]} Rh8 26. Re7 Rxh7 27. Rxd7+ Kxd7 28. Ng5 $1 {[%mdl 512]}) 25... Be5 $2 (25... Kc8 $16 26. Re7 Bxd4 27. Qxd4 Qxe7 28. Bxe7 Rxg6) 26. Rxh6 (26. Bf7 Bxd4 27. Bxd4 Nd2+ 28. Kc1 Rf8 $16) 26... Kc8 27. Rh7 Rg7 {[#]} 28. Be8 $1 {[%mdl 512]} Rxh7 (28... Qd8 $2 29. Rxg7 Bxg7 30. Bc6 $18) (28... Qxe8 29. Rxg7) 29. Bxd7+ Bxd7 30. Qg2 $2 (30. b3 $18 {and White stays clearly on top.} Bd6 31. Qg2 (31. bxc4 Bxc5 32. Qg2 Rh5 $18) 31... Bxc5 32. Qxd5 (32. bxc4 Rh5 $18) (32. Qg8+ Kb7 33. Qxh7 Nb6 $18)) 30... Kb7 $16 31. b3 Bxd4 32. Bxd4 Nd6 33. Qxd5+ Bc6 34. Qc5 $36 {[%mdl 2048] Black must now prevent Re6. White has strong initiative.} a5 (34... Ne4 $16 {is a better defense.} 35. Qf5 Re7) 35. Re6 $18 {Rxd6 is the strong threat.} Ra6 36. Kb2 a4 37. Re2 Rf7 38. Qb4 Rf1 (38... Rf4 $16) 39. Bc5 Rd1 ({Don't go for} 39... axb3 $2 40. cxb3 (40. axb3 Nc8 41. Re6 Rfa1 $18) 40... Bd7 41. a4 $18) 40. Re7 Nc8 41. Rg7 Rd7 42. Rxd7 Bxd7 43. c4 {[%cal Bc2c4,Bc4c5][%mdl 32]} axb3 44. axb3 Nd6 45. Bg1 Kc8 {[#]} 46. c5 $1 {[%cal Rc5d6]} Ne8 47. Qe4 Bc6 48. Qe7 Kb7 49. Bd4 Ra8 1/2-1/2

[Event "BL 2016-17"]
[Site "Berlin"]
[Date "2017.05.01"]
[Round "15"]
[White "Bobras, Piotr"]
[Black "Dragnev, Valentin"]
[Result "1/2-1/2"]
[WhiteElo "2522"]
[BlackElo "2515"]
[Annotator "TA"]
[PlyCount "71"]
[EventDate "2017.??.??"]
[EventType "team-tourn"]
[EventCountry "GER"]
[SourceTitle "playchess.com"]
[Source "ChessBase"]
[SourceQuality "1"]
[WhiteTeam "SG Trier"]
[BlackTeam "Bayern München"]

{[%evp 21,71,25,24,23,23,23,25,5,20,0,0,0,0,0,0,-6,0,0,0,-1,-3,-11,0,0,0,0,0,0,0,0,0,0,0,0,12,10,16,15,16,15,16,15,15,15,24,15,13,0,24,0,14,0]} 1. e4 e5 2. Nf3 Nc6 3. Bb5 a6 4. Ba4 Nf6 5. O-O Be7 6. Re1 b5 7. Bb3 d6 8. c3 O-O 9. h3 Nb8 10. d4 Nbd7 11. Nbd2 c5 12. Nf1 {C95: Closed Ruy Lopez: Breyer Variation with 10 d4} Re8 13. Ng3 Bf8 14. Bg5 {White has an edge.} (14. Nf5 exd4 15. cxd4 Bb7 16. e5 dxe5 17. dxe5 Bxf3 18. Qxf3 Nxe5 19. Rxe5 Rxe5 {½-½ (37) Navara,D (2737)-Ponomariov,R (2709) Czech Republic 2017}) 14... h6 15. Bd2 exd4 16. cxd4 cxd4 17. Nxd4 Bb7 18. a4 $146 (18. Ndf5 {is more complex.} Nc5 19. Qf3 Rxe4 20. Nxe4 Bxe4 21. Rxe4 Ncxe4 22. Be3) ({Predecessor:} 18. Bc2 Nc5 19. Qf3 d5 {1-0 (37) Ali Marandi,C (2385)-Gorbanovsky,O (2172) Iasi 2014}) 18... Nc5 {[%cal Rf6e4]} 19. axb5 axb5 20. Rxa8 Bxa8 21. Nxb5 Nxb3 (21... Qb8 {is interesting.} 22. Nd4 Nfxe4 23. Nxe4 Rxe4 24. Rxe4 Nxe4 25. Bc1 Qb6) 22. Qxb3 Nxe4 23. Nxe4 Rxe4 24. Rxe4 Bxe4 25. f3 Ba8 26. Nd4 Qe8 27. Be3 g6 28. Kf2 Qd8 29. Qc3 Bb7 30. b4 {[%cal Bb2b4,Bb4b5][%mdl 32]} Bg7 31. b5 h5 32. Qc4 Qh4+ 33. Kf1 Qe7 34. Kf2 Qh4+ 35. Kf1 Qe7 36. Kf2 {Precision: White = 83%, Black = 85%.} 1/2-1/2

[Event "BL 2016-17"]
[Site "Berlin"]
[Date "2017.05.01"]
[Round "15"]
[White "Werle, Jan"]
[Black "Breier, Andreas"]
[Result "1-0"]
[WhiteElo "2522"]
[BlackElo "2378"]
[Annotator "TA"]
[PlyCount "83"]
[EventDate "2017.??.??"]
[EventType "team-tourn"]
[EventCountry "GER"]
[SourceTitle "playchess.com"]
[Source "ChessBase"]
[SourceQuality "1"]
[WhiteTeam "Werder Bremen"]
[BlackTeam "König Tegel"]

{[%evp 13,83,5,15,2,3,0,9,0,0,0,8,11,25,23,23,29,213,201,191,205,212,210,200,122,195,114,101,66,74,52,128,131,142,150,141,143,148,143,143,145,146,141,132,156,305,183,292,310,371,302,292,284,364,335,356,294,457,444,468,455,952,870,919,902,4710,4710,4627,2093,1668,1616,896,765]} 1. d4 e6 2. c4 Bb4+ 3. Nd2 Nf6 4. a3 Be7 5. Ngf3 d5 6. e3 O-O 7. Bd3 b6 8. cxd5 {E11: Bogo-Indian} (8. O-O c5 9. b3 cxd4 10. exd4 Bb7 11. Re1 Nc6 12. Bb2 Re8 13. Rc1 Rc8 14. Nf1 Bf8 15. Ne3 g6 16. cxd5 exd5 {0-1 (95) Sundararajan,K (2513)-Moiseenko,A (2689) Doha 2015}) 8... exd5 9. Ne5 Bb7 10. b3 {The position is equal.} c5 11. Bb2 Nbd7 12. O-O {[%cal Bh1f1,Bf1f3,Bf3h3][%mdl 32]} Re8 $146 ({Predecessor (2):} 12... cxd4 13. exd4 Ne4 14. Qe2 f5 15. Nxd7 Qxd7 16. Nf3 Bd6 17. Ne5 Bxe5 18. dxe5 {½-½ (45) Olafsson,F (2452)-Larsen,B (2470) Reykjavik 2003}) 13. f4 Bd6 14. Rf3 Ne4 $2 (14... cxd4 $11 {and Black has nothing to worry.} 15. exd4 Nf8) 15. Rh3 $1 $18 {Threatens to win with Nxe4.} Ndf6 16. Nxe4 dxe4 17. Bc4 Rf8 18. d5 Qc8 {[#]} (18... a6 $16) 19. Nc6 (19. Qe1 $1 $18) 19... Qf5 $16 20. Be5 Bxc6 21. Bxd6 Bxd5 (21... Rfd8 $1 $14 22. dxc6 Ne8) 22. Bxf8 Kxf8 23. g4 $1 $36 {[%cal Rg4f5][%mdl 2048] Black is under strong pressure.} Qd7 24. Ra2 {And now Rd2 would win.} Bc6 25. Rd2 Qxg4+ 26. Qxg4 Nxg4 27. Rxh7 Nxe3 {[#]} 28. Bb5 $1 {[%cal Rb5c6][%mdl 512]} Bxb5 (28... Be8 $16 {was called for.}) 29. Rh8+ $18 Ke7 30. Rxa8 Ke6 31. Rxa7 Bd3 32. Rb7 Nd5 {[#]} 33. f5+ $1 Kxf5 34. Rxf7+ Kg6 (34... Ke5 $142 35. Rg2 e3 36. Rg5+ Kd4) 35. Rd7 {White is clearly winning.} Nf4 36. Kf2 b5 (36... Kf6 $142 37. Rd1 Ke5 38. Rxg7 Bc2) 37. Ke3 Ne6 38. Rf2 Nd4 39. Rxd4 cxd4+ 40. Kxd4 Kg5 41. Rg2+ Kf6 42. Rd2 {Precision: White = 86%, Black = 44%.} 1-0